MARC

Tag First Indicator Second Indicator Subfields
LEADER 00000nam a2200000 i 4500
001 in00005644521
003 OCoLC
005 20250404151353.5
006 m o d
007 cr cnu---unuuu
008 230115s2023 ilua ob 001 0 eng
010 |a  2022061365 
024 8 |a 90101779358 
040 |a DLC  |b eng  |e rda  |c DLC  |d OCLCF  |d YDX  |d P@U  |d YDX  |d OCLCO  |d JSTOR  |d UKAHL  |d N$T  |d STBDS  |d OCLCO  |d CLOUD  |d OCLCO  |d OCLCQ 
019 |a 1493234541 
020 |a 0252054776  |q electronic book 
020 |a 9780252054778  |q (electronic bk.) 
020 |z 9780252045257  |q hardcover 
020 |z 9780252087394  |q paperback 
035 |a (OCoLC)1373348765  |z (OCoLC)1493234541 
037 |a 22573/cats6401794  |b JSTOR 
042 |a pcc 
043 |a a-tu--- 
050 4 |a P92.T9  |b C45 2023 
072 7 |a SOC  |x 000000  |2 bisacsh 
072 7 |a SOC  |x 052000  |2 bisacsh 
072 7 |a HIS  |x 055000  |2 bisacsh 
072 7 |a POL  |x 062000  |2 bisacsh 
082 0 0 |a 302.2309561  |2 23/eng/20230316 
084 |a SOC052000  |a POL062000  |2 bisacsh 
100 1 |a Çelik, Burçe,  |e author. 
245 1 0 |a Communications in Turkey and the Ottoman empire :  |b a critical history /  |c Burçe Çelik. 
264 1 |a Urbana :  |b University of Illinois Press,  |c [2023] 
300 |a 1 online resource ( x, 235 pages) :  |b illustrations. 
336 |a text  |b txt  |2 rdacontent 
337 |a computer  |b c  |2 rdamedia 
338 |a online resource  |b cr  |2 rdacarrier 
490 1 |a The geopolitics of information 
504 |a Includes bibliographical references and index. 
500 |a Introduction: Empire Versus Imperialism : Communicative Struggles over Reproduction of the Empire Nation-Building by Communications Developmentalism and the Militarization of Communications Neoliberal Militarism Wiring a New Turkey through Neoliberal and Islamist Populism. 
588 |a Description based on online resource; title from digital title page (viewed on September 12, 2023). 
650 0 |a Communication  |x Social aspects  |z Turkey  |x History. 
650 0 |a Communication policy  |z Turkey  |x History. 
650 0 |a Militarization  |z Turkey  |x History. 
651 0 |a Turkey  |x Politics and government. 
651 0 |a Turkey  |x Social conditions. 
651 6 |a Empire ottoman  |x Politique et gouvernement. 
651 6 |a Turquie  |x Conditions sociales. 
650 7 |a SOCIAL SCIENCE / Media Studies.  |2 bisacsh 
650 7 |a POLITICAL SCIENCE / Geopolitics.  |2 bisacsh 
650 7 |a SOCIAL SCIENCE / General  |2 bisacsh 
650 7 |a Communication policy  |2 fast 
650 7 |a Communication  |x Social aspects  |2 fast 
650 7 |a Militarization  |2 fast 
650 7 |a Politics and government  |2 fast 
650 7 |a Social conditions  |2 fast 
651 7 |a Turkey  |2 fast  |1 https://id.oclc.org/worldcat/entity/E39PBJxmHG9jJjCTM3y4pFRqcP 
650 7 |a Sociology & anthropology.  |2 thema 
650 7 |a Media Studies.  |2 ukslc 
655 7 |a Electronic books.  |2 local 
710 2 |a JSTOR (Organization) 
776 1 8 |i Print version:  |a Çelik, Burçe.  |t Communications in Turkey and the Ottoman empire  |d Urbana : University of Illinois Press, 2023  |z 9780252045257  |w (DLC) 2022061364 
830 0 |a Geopolitics of information. 
856 4 0 |u http://proxy.library.tamu.edu/login?url=https://www.jstor.org/stable/10.5406/jj.6407885  |z Connect to the full text of this electronic book  |t 0 
945 |b 401720 
955 |a YBP purchased JSTOR DDA e-records 
980 |b ebook  |c 90101779358  |f NONFIC/S  |g 565704  |k USD  |m 214.50  |q 1  |s AcqMono Conventional  |t Demand driven acquisitions (DDA)  |u Vendor order reference number  |v ZYBP  |y PDA  |z Electronic resource 
999 f f |i 52a4e4cc-c7f0-4d9c-afa4-4f9d355e5e54  |s 66b0cddc-722e-46f9-aee9-e97337c258d7  |t 0 
952 f f |a Texas A&M University  |b College Station  |c Electronic Resources  |s www_evans  |d Available Online  |t 0  |e P92.T9 C45 2023  |h Library of Congress classification